Statistics for Top 10 Least Obese European Countries

Click here to take the quiz!

General Stats

  • This quiz has been taken 52 times
  • The average score is 7 of 10

Answer Stats

Obesity RateCountry% Correct
17.9%Bosnia and Herzegovina
84%
20.6%Sweden
84%
20.1%Austria
82%
19.5%Switzerland
80%
20.4%Netherlands
76%
19.7%Denmark
74%
19.9%Italy
74%
20.2%Slovenia
74%
18.9%Moldova
64%
20.5%Slovakia
52%

Score Distribution

Percentile by Number Answered

Percent of People with Each Score

Your Score History

You have not taken this quiz